
Library Catalogue

| 000 -LEADER | |
|---|---|
| fixed length control field | 01610nam a2200217Ia 4500 |
| 003 - CONTROL NUMBER IDENTIFIER | |
| control field | OSt |
| 005 - DATE AND TIME OF LATEST TRANSACTION | |
| control field | 20210408130500.0 |
| 008 - FIXED-LENGTH DATA ELEMENTS--GENERAL INFORMATION | |
| fixed length control field | 160316s1998 xxu||||| |||| 00| 0 eng d |
| 020 ## - INTERNATIONAL STANDARD BOOK NUMBER | |
| International Standard Book Number | 9780814754481 |
| 040 ## - CATALOGING SOURCE | |
| Transcribing agency | n |
| 082 ## - DEWEY DECIMAL CLASSIFICATION NUMBER | |
| Classification number | 320.010000 |
| Item number | MOR |
| 100 ## - MAIN ENTRY--PERSONAL NAME | |
| Personal name | Morrow John |
| 245 ## - TITLE STATEMENT | |
| Title | A history of political thought : a thematic introduction |
| 260 ## - PUBLICATION, DISTRIBUTION, ETC. | |
| Place of publication, distribution, etc. | New York |
| Name of publisher, distributor, etc. | Macmillan Publishing Co. |
| Date of publication, distribution, etc. | 1998 |
| 300 ## - PHYSICAL DESCRIPTION | |
| Extent | 417p |
| Dimensions | xvi |
| 365 ## - TRADE PRICE | |
| Price amount | Gratis |
| 505 ## - FORMATTED CONTENTS NOTE | |
| Formatted contents note | Summary:<br/>How have the central issues in political theory-the ends of politics, the location and exercise of political power, and challenges to authority-been tackled by various thinkers over the course of history? By emphasizing chronology and context, John Morrow provides an organizationally innovative introduction to political thinkers and themes.The book balances a coherent account of theoretical traditions with a grounded awareness of the social and political currents which produced them. Morrow combines detailed coverage of the great figures of political thought, such as Plato, Aristotle, Machiavelli, Hobbes, Rousseau, Marx, and Mill with important but lesser known names such as Bodin, Grotius, Maurras, Bartolus, Paley, Godwin, and Bakunin. Spanning ancient times to the twentieth century and providing timelines and charts to organize the material, The History of Political Thought is an exceptionally lucid and integrated introduction to the ways in which Western thinkers have come to grips with the problems and paradoxes of political life. |
| 650 ## - SUBJECT ADDED ENTRY--TOPICAL TERM | |
| Topical term or geographic name entry element | 1. Political Science - History |
| 700 ## - ADDED ENTRY--PERSONAL NAME | |
| Personal name | |
| -- | |
| 942 ## - ADDED ENTRY ELEMENTS (KOHA) | |
| Source of classification or shelving scheme | Dewey Decimal Classification |
| Koha item type | BOOKs |
| Withdrawn status | Lost status | Damaged status | Not for loan | Home library | Current library | Shelving location | Date acquired | Total Checkouts | Full call number | Barcode | Date last seen | Price effective from | Koha item type |
|---|---|---|---|---|---|---|---|---|---|---|---|---|---|
| NLS | NLS | Library Compactors | 30/05/2017 | 320.01 MOR | 31637 | 30/05/2017 | 30/05/2017 | BOOKs |